Revista de Ciencias Jurídicas /
Bewaard in:
| Coauteur: | |
|---|---|
| Formaat: | Boek |
| Taal: | Spanish |
| Gepubliceerd in: |
San José, Costa Rica:
Universidad de Costa Rica.Facultad de Derecho; Colegio de Abogados,
|
| Onderwerpen: | |
| Tags: |
Voeg label toe
Geen labels, Wees de eerste die dit record labelt!
|
MARC
| LEADER | 00000nam a22000007a 4500 | ||
|---|---|---|---|
| 003 | cru CIDCACS/IIS | ||
| 005 | 20180920133111.0 | ||
| 007 | ta | ||
| 008 | 180920s cr f||p|r||||||0| ||spa|| | ||
| 999 | |c 41718 |d 41718 | ||
| 022 | |2 00347787 | ||
| 040 | |c cru CIDCACS/IIS | ||
| 090 | |a REV0864 | ||
| 110 | 1 | |9 7725 |a Universidad de Costa Rica. |b Facultad de Derecho | |
| 245 | 1 | |a Revista de Ciencias Jurídicas / |c Universidad de Costa Rica.Facultad de Derecho, Colegio de Abogados | |
| 260 | |a San José, Costa Rica: |b Universidad de Costa Rica.Facultad de Derecho; |b Colegio de Abogados, | ||
| 270 | |a Ciudad Universitaria Rodrigo Facio |d Costa Rica |e código 2060 | ||
| 310 | |a semestral | ||
| 500 | |a EXISTENCIAS: 1964-1965 (3-5) 1967 (9) 1969 (13-14) 1970 (15-16) 1971-1973 (18-23) 1974-1980 (24-41) 1981 (43-45) 1986-1989 (55-64) 1991 (68-70) 1992 (71) 1995 (82) 2003 (100) 2007(113-114) | ||
| 650 | 0 | |9 5350 |a DERECHO | |
| 650 | 4 | |9 4425 |a AJUSTE ESTRUCTURAL | |
| 650 | 0 | |9 3066 |a ASPECTOS POLITICOS | |
| 651 | 0 | |9 32 |a COSTA RICA | |
| 942 | |2 ddc |c PP | ||
